ბათუმის შოთა რუსთაველის სახელმწიფო უნივერსიტეტის ბიბლიოთეკა

მესაკუთრე : ნოველები / (ბიბ.ჩანაწერი № 59092)

000 -ლიდერი
ფიქსირებული სიგრძის საკონტროლო ველი 01396nam a22002297a 4500
003 - საკონტროლო ნომრის იდენტიფიკატორი
საკონტროლო ველი Ge_BSU
005 - ბოლო ოპერაციის თარიღი და დრო
საკონტროლო ველი 20221124112420.0
008 - ფიქსირებული სიგრძის მონაცემთა ელემენტები - ზოგადი ინფორმაცია
ფიქსირებული სიგრძის საკონტროლო ველი 221124s1975ge xxu||||| |||| 00| 0 geo d
041 ## - ენის კოდი
Language code of text/sound track or separate title geo
080 ## - უნივერსალური ათობითი კლასიფიკაციის ინდექსი
Universal Decimal Classification number 821.111-32 გ-64
100 ## - მთავარი ჩანაწერი - პიროვნების სახელი
Personal name გოლზუორთი, ჯონ, 1867-1933, ავტორი.
9 (RLIN) 16024
245 ## - ცნობა სათაურის შესახებ
Title მესაკუთრე : ნოველები /
Statement of responsibility, etc ჯონ გოლზუორთი ; წინასიტყვ. ავტ. და მთარგმნ.: ე. მაღრაძე ; ილ.: ლ. გრიგოლია ; ილ. სუპერზე ჯ. ლოლუასი.
264 ## - წარმოების, გამოცემის, დისტრიბუციის და სხვა ცნობები
გამოცემის, წარმოების, დისტრიბუციის... ადგილი თბილისი :
გამოცემის, წარმოების, დისტრიბუციის... სახელწოდება საბჭ. საქართველო,
გამოცემის, წარმოების, დისტრიბუციის... თარიღი 1975.
300 ## - ფიზიკური აღწერა
Extent 861 გვ. :
Other physical details 1 ფ. პორტრ. ;
Dimensions 21 სმ.
440 ## - სერიის ცნობა / დამატებულია ჩანაწერი - სათაური
Title მსოფლიო ლიტერატურის ბიბლიოთეკა ; ტ. 69
9 (RLIN) 16025
653 ## - INDEX TERM--UNCONTROLLED
Uncontrolled term მესაკუთრე : ნოველები
653 ## - INDEX TERM--UNCONTROLLED
Uncontrolled term მხატვრული ლიტერატურა
700 ## - ADDED ENTRY--PERSONAL NAME
Personal name მაღრაძე, ე
Relator term წინასიტყვაობის ავტორი და მთარგმნელი
9 (RLIN) 16026
700 ## - ADDED ENTRY--PERSONAL NAME
Personal name გრიგოლია, ლ
Relator term ილუსტრატორი
9 (RLIN) 7591
700 ## - ADDED ENTRY--PERSONAL NAME
Personal name ლოლუასი, ჯ
Relator term ილუსტრატორი
9 (RLIN) 16027
942 ## - ADDED ENTRY ELEMENTS (KOHA)
Source of classification or shelving scheme
Koha item type წიგნი
ეგზემპლარები
ჩამოწერის სტატუსი დაკარგული ეგზემპლარის სტატუსი კლასიფიკაციის წყარო ან თაროზე გაწყობის სქემა დაზიანების სტატუსი არ გაიცემა მუდმივი მდებარეობა (დაცვის ადგილი) ამჟამინდელი ადგილსამყოფელი თაროზე განთავსების ადგილი შეძენის თარიღი ღირებულება, შესყიდვის ნორმალური ფასი სრული შენახვის შიფრი შტრიხკოდი ბოლო ოპერაციის თარიღი ეგზემპლარის მიმდევრობითი ნომერი (კეტერი?) ფასის ძალაში შესვლის თარიღი ეგზემპლარის სახეობა საჯარო შენიშვნა
          ბათუმის შოთა რუსთაველის სახელმწიფო უნივერსიტეტის მთავარი ბიბლიოთეკა ბათუმის შოთა რუსთაველის სახელმწიფო უნივერსიტეტის მთავარი ბიბლიოთეკა წიგნსაცავი 2022-11-24 10.00 821.111-32 გ-64 63158 2022-11-24 63158 2022-11-24 წიგნი 10.00